000
00322nam a22001457a 4500
003
SGT
082
_b
F17B
100
_a
BANWELL COLLIN .N
245
_a
FUNDAMENTALS OF MOLECULAR SPECTROSCOPY
250
_a
4TH
260
_b
MC GRAW HILL
_c
2017
300
_a
308
650
_a
PHYSICAL SCIENCES
942
_2
ddc
_c
BK
_0
2
999
_c
15468
_d
15468